Music Quiz

Random Music or Country Music Quiz

Country Music HOF Quiz Stats

 Plays Quiz Updated Aug 6, 2019

Score 0/113 Timer 13:00
5 Plays Today
Year Inducted Member % Correct
1980Johnny Cash
79.6%
2012Garth Brooks
75.5%
1999Dolly Parton
75.3%
1961Hank Williams
71.3%
1993Willie Nelson
65.7%
2017Alan Jackson
64.2%
1992George Jones
62.7%
2013Kenny Rogers
62.7%
1988Loretta Lynn
57.7%
1978Grandpa Jones
56.3%
2006George Strait
56.1%
1973Patsy Cline
54.1%
2019Brooks & Dunn
53.6%
2012Connie Smith
52.6%
1998Elvis Presley
52.4%
2001Waylon Jennings
52%
1994Merle Haggard
51.6%
2005Alabama
50.1%
2016Randy Travis
47.8%
1998Tammy Wynette
46.3%
1980Sons of the Pioneers
45.8%
1988Roy Rogers
45.3%
2015Oak Ridge Boys
44.9%
1970The Carter Family
44%
1999Conway Twitty
43%
2018Ricky Skaggs
40.8%
2010Don Williams
38.9%
2003Carl Smith
38.7%
2018Dottie West
38.6%
2015Jim Ed Brown and the Browns
38.3%
1975Minnie Pearl
37.6%
1996Buck Owens
37%
2000Charley Pride
36.7%
2012Hargus 'Pig' Robbins
35.6%
2016Charlie Daniels
35.1%
2019Ray Stevens
34.8%
2009Roy Clark
34.6%
2014Ronnie Milsap
34.4%
Year Inducted Member % Correct
2007Vince Gill
34.1%
2017Jerry Reed
33.5%
1977Merle Travis
32.3%
2004Kris Kristofferson
32.1%
2005Glen Campbell
31.1%
2008The Statler Brothers
30.2%
2001Bill Anderson
30%
2009Barbara Mandrell
28.9%
1962Roy Acuff
28.8%
1961Jimmie Rodgers
27.8%
1985Flatt and Scruggs
27.2%
2011Reba McEntire
27%
2008Emmylou Harris
26.6%
2019Jerry Bradley
26.1%
1973Chet Atkins
26%
2002Porter Wagoner
25.6%
2013Bobby Bare
25.6%
1982Marty Robbins
25.6%
1969Gene Autry
25.3%
1995Roger Miller
24.5%
2007Mel Tillis
24.4%
1983Little Jimmy Dickens
24.3%
2015Grady Martin
24.2%
1965Ernest Tubb
24%
2000Faron Young
24%
1997Brenda Lee
23.7%
1970Bill Monroe
23.4%
1976Kitty Wells
23.1%
2001The Everly Brothers
22.8%
1966Eddy Arnold
22.4%
1990Tennessee Ernie Ford
22.4%
1967Jim Reeves
22.2%
1986The Duke of Paducah
22.1%
1979Hank Snow
22.1%
1972Jimmie Davis
21.7%
2018Johnny Gimble
21.7%
1996Ray Price
21.1%
2008Tom T. Hall
20.4%
Year Inducted Member % Correct
1968Bob Wills
20.3%
1989Hank Thompson
20.2%
2006Sonny James
19.6%
1964Tex Ritter
19.3%
1982Lefty Frizzell
19%
2014Hank Cochran
18.6%
2017Don Schlitz
18%
2001The Louvin Brothers
17.9%
2016Fred Foster
17.3%
1974Pee Wee King
16.2%
1998George Morgan
16.1%
2013Cowboy Jack Clement
15.5%
2001Webb Pierce
15.3%
2014Mac Wiseman
14.6%
2001Don Gibson
14.2%
1996Patsy Montana
14%
2001The Delmore Brothers
13.9%
2001The Jordanaires
13.9%
2010Jimmy Dean
13.8%
1967Red Foley
13.5%
1966George D. Hay
13.2%
2001Homer and Jethro
13.1%
2003Floyd Cramer
13.1%
2010Ferlin Husky
12.7%
1966Uncle Dave Macon
12.6%
2009Charlie McCoy
11.9%
2006Harold Bradley
11%
2005DeFord Bailey
10.8%
2008Ernest 'Pop' Stoneman
9.9%
2011Jean Shepard
9.7%
1999Johnny Bond
9.3%
2002Bill Carlisle
9%
1987Rod Brasfield
9%
1984Floyd Tillman
9%
2011Bobby Braddock
8.8%
1981Vernon Dalhart
8.5%
2010Billy Sherrill
7.9%

You're not logged in!

Compare scores with friends on all Sporcle quizzes.
OR
Log In

Sporcle TV

Today on Sporcle TV


Watch our educational content, quiz creation guides, and fun videos on Sporcle TV.

Show Comments

Extras

Top Quizzes Today


Score Distribution

Your Account Isn't Verified!

In order to create a playlist on Sporcle, you need to verify the email address you used during registration. Go to your Sporcle Settings to finish the process.

Report this User

Report this user for behavior that violates our Community Guidelines.

Details: